Οι Πιο Πολυπληθείς Σύγχρονες Χώρες το 1500 μ.Χ. - Statistics

General Stats
  • This quiz has been taken 6 times
  • The average score is 15 of 19
Answer Stats
Πλυθησμός Χώρα % Correct
185 m Κίνα
100%
170 m Ινδία
100%
14 m Ιαπωνία
100%
13 m Γαλλία
100%
12 m Γερμανία
100%
9 m Ιταλία
100%
7 m Πακιστάν
100%
6 m Ισπανία
100%
6 m Τουρκία
100%
5 m Αίγυπτος
100%
7 m Νιγηρία
83%
13 m Μπανγκλαντές
67%
10 m Ινδονησία
67%
7 m Ρωσία
67%
4 m Ουκρανία
50%
11 m Μεξικό
33%
6 m Λαϊκή Δημοκρατία του Κονγκό
33%
4 m Πολωνία
33%
7 m Περού
17%
No matching quizzes found
Score Distribution
Percent of People with Each Score
Percentile by Number Answered
Your Score History
You have not taken this quiz